000
00211nam a22000977a 4500
041
_a
eng
080
_a
80
100
_a
Wasilevska, D., Karolak, S.
245
_a
Побеседуйте с нами.
999
_c
280913
_d
280913
942
_c
BK